000 01092cam a2200217 4500
001 ABS66607
008 030428n2003 000 0 eng u
035 _a(Sirsi) u122089
100 _aFidderman, H.
245 4 _aThe influence of managers
260 _c2003
490 _aHealth and Safety Bulletin
_v (317) April 2003, 14-18(5)
520 _aLooks at research into how different levels of management can affect health and safety. Sectors examined include corporate governance, middle managers, supervisors and employers. Argues that management failings can add to technical and human failures in disasters and notes that government policy and regulations can help guard against this. Concludes that managers and supervisors should concentrate on motivating employees and facilitating their participation.
590 _aABS
650 _aMANAGERS' RESPONSIBILITIES
650 _aSUPERVISORS' RESPONSIBILITIES
650 _aCORPORATE GOVERNANCE
650 _aMANAGEMENT-RICS PRESIDENT'S COMMISSION ON MAJOR DISASTER MANAGMENT
690 _aHealth and safety
_96244
942 _n0
999 _c72545
_d72545